[Event "Tage Sorensen Memorial 2001"]
[Site "Holbaek"]
[Date "2001.06.30"]
[Round "8"]
[White "Skjoldborg, Jesper"]
[Black "Ostergaard, Rasmus"]
[Result "0-1"]
[WhiteElo "2228"]
[BlackElo "2183"]
[PlyCount "78"]
[EventDate "2001.06.23"]

1. e4 e5 2. Nf3 Nc6 3. Bc4 Bc5 4. c3 Nf6 5. d4 exd4 6. cxd4 Bb4+ 7. Nc3 Nxe4 8.
O-O Bxc3 9. d5 Bf6 10. Re1 Ne7 11. Rxe4 d6 12. Bg5 Bxg5 13. Nxg5 h6 14. Qe2
hxg5 15. Re1 Be6 16. dxe6 f6 17. Re3 c6 18. Rh3 Rxh3 19. gxh3 g6 20. Qd2 d5 21.
Bd3 Qd6 22. h4 Qf4 23. Qxf4 gxf4 24. Kg2 O-O-O 25. Kf3 Rh8 26. Kxf4 Rxh4+ 27.
Kg3 g5 28. Re3 Kc7 29. Rf3 Rh6 30. Bf1 f5 31. Bd3 Rf6 32. h4 gxh4+ 33. Kxh4 Kd6
34. Kg5 Rg6+ 35. Kh5 Rxe6 36. Bxf5 Nxf5 37. Rxf5 Re5 38. Kg6 Rxf5 39. Kxf5 d4
0-1

[Event "Tage Sorensen Memorial 2001"]
[Site "Holbaek"]
[Date "2001.06.30"]
[Round "8"]
[White "Bromann, Thorbjorn"]
[Black "Molvig, Henrik"]
[Result "1/2-1/2"]
[WhiteElo "2310"]
[BlackElo "2219"]
[PlyCount "49"]
[EventDate "2001.06.23"]

1. e4 c5 2. Nf3 d6 3. d4 cxd4 4. Qxd4 a6 5. Bg5 Nc6 6. Qd2 Nf6 7. Bd3 e6 8. c4
Be7 9. Nc3 h6 10. Bf4 O-O 11. O-O Qa5 12. a3 e5 13. b4 Qd8 14. Be3 Ng4 15. Rac1
Nxe3 16. fxe3 Bg5 17. Bb1 Bg4 18. Nd5 Ne7 19. Nxg5 hxg5 20. Ba2 Nxd5 21. exd5
f5 22. c5 f4 23. Bb1 Rf6 24. Qd3 Rh6 25. cxd6 1/2-1/2

[Event "Tage Sorensen Memorial 2001"]
[Site "Holbaek"]
[Date "2001.06.30"]
[Round "8"]
[White "Kiss, Gergely"]
[Black "Eriksson, Johan"]
[Result "0-1"]
[WhiteElo "2270"]
[BlackElo "2408"]
[PlyCount "58"]
[EventDate "2001.06.23"]

1. e4 c5 2. Nc3 Nc6 3. g3 g6 4. Bg2 Bg7 5. d3 d6 6. f4 e6 7. Nf3 Nge7 8. Be3
Nd4 9. Qd2 O-O 10. Nd1 Bd7 11. O-O Nxf3+ 12. Bxf3 Bc6 13. g4 f5 14. g5 Qd7 15.
c3 fxe4 16. dxe4 e5 17. Nf2 exf4 18. Bxf4 d5 19. Bg4 Qd8 20. exd5 Nxd5 21. Be6+
Kh8 22. Bg3 Nxc3 23. Qc2 Nb5 24. Qxc5 Nd4 25. Bg4 Rf5 26. Qd6 Qxd6 27. Bxd6
Rxg5 28. Rfd1 h5 29. Be7 Rb5 0-1

[Event "Tage Sorensen Memorial 2001"]
[Site "Holbaek"]
[Date "2001.06.30"]
[Round "8"]
[White "Palm, Eivind"]
[Black "Stockflet, Henrik"]
[Result "1-0"]
[WhiteElo "2000"]
[BlackElo "2000"]
[PlyCount "45"]
[EventDate "2001.06.23"]

1. d4 f5 2. g3 g6 3. b3 Bg7 4. Bb2 Nf6 5. Bg2 d6 6. Nf3 O-O 7. O-O c6 8. c4 e5
9. dxe5 Ng4 10. Nbd2 Nxe5 11. Qc2 a5 12. Rad1 Na6 13. a3 Qe7 14. Rfe1 Be6 15.
Nd4 Rae8 16. Nxe6 Qxe6 17. Bc3 b6 18. f4 Ng4 19. e4 Qd7 20. h3 Bxc3 21. Qxc3
Nh6 22. e5 Re6 23. Nf3 1-0

[Event "Tage Sorensen Memorial 2001"]
[Site "Holbaek"]
[Date "2001.06.30"]
[Round "8"]
[White "Brekka, Hanus"]
[Black "Sivertsen, Palle"]
[Result "1-0"]
[WhiteElo "2000"]
[BlackElo "2168"]
[PlyCount "45"]
[EventDate "2001.06.23"]

1. e4 c5 2. Nf3 Nc6 3. d4 cxd4 4. Nxd4 Nf6 5. Nc3 e5 6. Ndb5 d6 7. Bg5 a6 8.
Na3 b5 9. Nd5 Be7 10. Nxe7 Nxe7 11. f3 d5 12. Bxf6 gxf6 13. exd5 Nxd5 14. Qd2
O-O 15. O-O-O Be6 16. Qh6 Qb6 17. Rxd5 Bxd5 18. Bd3 e4 19. fxe4 Bxa2 20. e5
Rfe8 21. Bxh7+ Kh8 22. Be4+ Kg8 23. exf6 1-0

[Event "Tage Sorensen Memorial 2001"]
[Site "Holbaek"]
[Date "2001.06.30"]
[Round "8"]
[White "Lamprecht, Frank"]
[Black "Jorgensen, Michael"]
[Result "0-1"]
[WhiteElo "2403"]
[BlackElo "2290"]
[PlyCount "106"]
[EventDate "2001.06.23"]

1. d4 f5 2. Bg5 Nc6 3. e3 g6 4. h4 Bg7 5. Nc3 d6 6. Nf3 h6 7. Bf4 Nf6 8. Bc4 e6
9. Qe2 Qe7 10. O-O-O e5 11. dxe5 dxe5 12. Bh2 Bd7 13. Nd5 Nxd5 14. Bxd5 O-O-O
15. Qc4 g5 16. Qc3 Rde8 17. Nd2 e4 18. Qc4 Ne5 19. Bxe5 Bxe5 20. hxg5 hxg5 21.
Qe2 Bxb2+ 22. Kxb2 Qe5+ 23. Kb1 Qxd5 24. Rxh8 Rxh8 25. Nb3 Qe5 26. Qd2 Be6 27.
Qb4 Bxb3 28. axb3 b6 29. Qc4 Kb7 30. Qd5+ Qxd5 31. Rxd5 Rh2 32. Rxf5 Rxg2 33.
Kb2 c5 34. Kc3 Kc6 35. b4 cxb4+ 36. Kxb4 g4 37. Kc3 a5 38. Rf6+ Kc5 39. Rf5+
Kc6 40. Rf6+ Kc5 41. Rf5+ Kd6 42. Rf6+ Ke5 43. Rxb6 Rxf2 44. Rg6 Kf5 45. Rg8
Re2 46. Kd4 Rd2+ 47. Kc3 Rd6 48. Rf8+ Rf6 49. Ra8 g3 50. Rxa5+ Kg4 51. Kd4 g2
52. Ra1 Rf1 53. Ra8 g1=Q 0-1

[Event "Tage Sorensen Memorial 2001"]
[Site "Holbaek"]
[Date "2001.06.30"]
[Round "8"]
[White "Naes, Flovin Tor"]
[Black "Nielsen, Max"]
[Result "1-0"]
[WhiteElo "2236"]
[BlackElo "2251"]
[PlyCount "77"]
[EventDate "2001.06.23"]

1. Nf3 f5 2. c4 Nf6 3. Nc3 d6 4. g3 g6 5. Bg2 Bg7 6. O-O O-O 7. Re1 e5 8. d3
Nc6 9. e4 fxe4 10. dxe4 Bg4 11. Be3 Qd7 12. c5 Nh5 13. Qb3+ Kh8 14. Ng5 h6 15.
h3 hxg5 16. hxg4 Qxg4 17. Rad1 Nd4 18. Bxd4 exd4 19. Nb5 dxc5 20. Nxc7 Rac8 21.
Qe6 Qxe6 22. Nxe6 Rfe8 23. Nxg5 Kg8 24. Bh3 Rcd8 25. Ne6 Rd6 26. Nxc5 b6 27.
Nd3 Rdd8 28. Rc1 Nf6 29. e5 Nd5 30. Rc6 Ne7 31. Rc7 a5 32. Be6+ Kh7 33. Kg2 Bf8
34. Rec1 Rb8 35. Nf4 g5 36. Nh5 Kg6 37. Nf6 Red8 38. Nd7 Rbc8 39. Nxf8+ 1-0

[Event "Tage Sorensen Memorial 2001"]
[Site "Holbaek"]
[Date "2001.07.01"]
[Round "9"]
[White "Pedersen, Kim"]
[Black "Strange, Mikkel"]
[Result "1/2-1/2"]
[WhiteElo "2227"]
[BlackElo "2228"]
[PlyCount "75"]
[EventDate "2001.06.23"]

1. d4 f5 2. Nf3 Nf6 3. e3 e6 4. Bd3 d5 5. c4 c6 6. Qc2 Bd6 7. cxd5 cxd5 8. Nc3
Nc6 9. a3 Bd7 10. b4 Rc8 11. Qb3 O-O 12. Bb2 Ne4 13. Rc1 Kh8 14. h4 Qf6 15. Ne2
a6 16. g3 Be8 17. h5 Rf7 18. Rd1 Rfc7 19. Kf1 Qh6 20. Ne5 Bxe5 21. dxe5 Bxh5
22. Kg1 Qg5 23. Nf4 Bxd1 24. Qxd1 Re8 25. Rh5 Qd8 26. g4 Kg8 27. gxf5 exf5 28.
e6 g5 29. Bxe4 dxe4 30. Qxd8 Rxd8 31. Rxg5+ Kf8 32. Rxf5+ Ke8 33. Rg5 Rd1+ 34.
Kg2 Ke7 35. Nd5+ Rxd5 36. Rxd5 Kxe6 37. Rh5 Rd7 38. b5 1/2-1/2

[Event "Tage Sorensen Memorial 2001"]
[Site "Holbaek"]
[Date "2001.07.01"]
[Round "9"]
[White "Skjoldborg, Jesper"]
[Black "Palm, Eivind"]
[Result "1-0"]
[WhiteElo "2228"]
[BlackElo "2000"]
[PlyCount "51"]
[EventDate "2001.06.23"]

1. e4 e6 2. d4 d5 3. Nd2 Nf6 4. e5 Nfd7 5. Bd3 c5 6. c3 Nc6 7. Ne2 cxd4 8. cxd4
Qb6 9. Nf3 f6 10. exf6 Nxf6 11. O-O Bd6 12. b3 O-O 13. Bf4 Bxf4 14. Nxf4 Ne4
15. Ne2 Rxf3 16. gxf3 Ng5 17. f4 Nf3+ 18. Kh1 e5 19. Ng1 Nxg1 20. Qh5 Kf8 21.
Rxg1 e4 22. Rxg7 Kxg7 23. Rg1+ Kf6 24. Qh6+ Kf5 25. Rg5+ Kxf4 26. Qh4+ 1-0

[Event "Tage Sorensen Memorial 2001"]
[Site "Holbaek"]
[Date "2001.07.01"]
[Round "9"]
[White "Izsak, Gyula"]
[Black "Bromann, Thorbjorn"]
[Result "1/2-1/2"]
[WhiteElo "2452"]
[BlackElo "2310"]
[PlyCount "22"]
[EventDate "2001.06.23"]

1. c4 e5 2. Nc3 Nf6 3. Nf3 Nc6 4. g3 d5 5. cxd5 Nxd5 6. d3 Be7 7. Bg2 Be6 8.
Bd2 O-O 9. O-O f6 10. a3 Nd4 11. e3 Nxc3 1/2-1/2

[Event "Tage Sorensen Memorial 2001"]
[Site "Holbaek"]
[Date "2001.07.01"]
[Round "9"]
[White "Molvig, Henrik"]
[Black "Jensen, Leif"]
[Result "1/2-1/2"]
[WhiteElo "2219"]
[BlackElo "2102"]
[PlyCount "20"]
[EventDate "2001.06.23"]

1. d4 d5 2. c4 c6 3. Nf3 Nf6 4. Nc3 e6 5. e3 Nbd7 6. Bd3 Be7 7. e4 dxe4 8. Nxe4
Nxe4 9. Bxe4 Nf6 10. Bc2 c5 1/2-1/2

[Event "Tage Sorensen Memorial 2001"]
[Site "Holbaek"]
[Date "2001.07.01"]
[Round "9"]
[White "Hermansson, Emil"]
[Black "Naes, Flovin Tor"]
[Result "1/2-1/2"]
[WhiteElo "2400"]
[BlackElo "2236"]
[PlyCount "75"]
[EventDate "2001.06.23"]

1. e4 e5 2. Nf3 Nc6 3. Bb5 Nf6 4. O-O Nxe4 5. d4 Nd6 6. Bxc6 dxc6 7. dxe5 Nf5
8. Qxd8+ Kxd8 9. Nc3 Ke8 10. h3 a5 11. a4 h6 12. b3 Ne7 13. Bb2 Ng6 14. Rad1
Bb4 15. Nd4 Bc5 16. Ne4 Bxd4 17. Bxd4 Bf5 18. Rde1 Rd8 19. Bc3 Rd5 20. f4 h5
21. Re2 h4 22. Bb2 b6 23. Rf3 Ke7 24. Kf2 Rhd8 25. g4 hxg3+ 26. Kxg3 Rd1 27.
Rff2 Rh8 28. Ng5 Rh4 29. Bc3 Rg1+ 30. Kh2 Rgg4 31. Bd2 Nxf4 32. Bxf4 Rxf4 33.
Kg3 Rfg4+ 34. hxg4 Rxg4+ 35. Kf3 Rxg5 36. Rg2 Rxg2 37. Rxg2 c5 38. Kf4 1/2-1/2

[Event "Tage Sorensen Memorial 2001"]
[Site "Holbaek"]
[Date "2001.07.01"]
[Round "9"]
[White "Jorgensen, Michael"]
[Black "Nilssen, John Arni"]
[Result "0-1"]
[WhiteElo "2290"]
[BlackElo "2345"]
[PlyCount "70"]
[EventDate "2001.06.23"]

1. d4 Nf6 2. c4 e6 3. Nf3 b6 4. a3 Ba6 5. Qc2 c5 6. d5 exd5 7. cxd5 d6 8. Nc3
g6 9. g3 Bg7 10. Bg2 O-O 11. O-O Re8 12. Re1 b5 13. e4 Nbd7 14. h3 Qc8 15. Bf4
b4 16. Na4 b3 17. Qb1 Bc4 18. Nc3 Qa6 19. Nd2 Bd3 20. Qd1 Nh5 21. Nxb3 Nxf4 22.
gxf4 c4 23. Nd2 Rab8 24. Ra2 f5 25. exf5 gxf5 26. Nf3 h6 27. Bf1 Nc5 28. Nh4
Qb7 29. Re3 Rxe3 30. fxe3 Qe7 31. Qe1 Kh7 32. Nd1 Rg8 33. Ng2 Qf7 34. Bxd3 Nxd3
35. Qa5 Nc1 0-1

[Event "Tage Sorensen Memorial 2001"]
[Site "Holbaek"]
[Date "2001.07.01"]
[Round "9"]
[White "Stockflet, Henrik"]
[Black "Pedersen, Hans Dahl"]
[Result "0-1"]
[WhiteElo "2000"]
[BlackElo "2208"]
[PlyCount "60"]
[EventDate "2001.06.23"]

1. e4 c6 2. c4 d5 3. cxd5 cxd5 4. exd5 Nf6 5. Bb5+ Bd7 6. Bc4 Qc7 7. d3 g6 8.
Ne2 Bg7 9. O-O O-O 10. Qb3 Bg4 11. Bf4 Qb6 12. Qxb6 axb6 13. f3 Bf5 14. Nbc3
Na6 15. Ng3 Bd7 16. Rae1 b5 17. Nxb5 Bxb5 18. Bxb5 Nxd5 19. Be5 Rfd8 20. Bc4 e6
21. Bxg7 Kxg7 22. Ne4 Nf4 23. Re3 Nb4 24. g3 Nc2 25. Kf2 Nxe3 26. Kxe3 Nd5+ 27.
Kd2 b5 28. Bxb5 Rxa2 29. Kc2 Ne3+ 30. Kb1 Rda8 0-1

[Event "Tage Sorensen Memorial 2001"]
[Site "Holbaek"]
[Date "2001.07.01"]
[Round "9"]
[White "Ostergaard, Rasmus"]
[Black "Pavlovskaya, Evgenija"]
[Result "1/2-1/2"]
[WhiteElo "2183"]
[BlackElo "2201"]
[PlyCount "60"]
[EventDate "2001.06.23"]

1. d4 d5 2. c4 e6 3. Nc3 Nf6 4. cxd5 exd5 5. Bg5 Be7 6. e3 c6 7. Bd3 O-O 8. Qc2
Nbd7 9. Nf3 Re8 10. O-O Nf8 11. Rab1 Ng4 12. Bxe7 Qxe7 13. b4 a6 14. a4 Ng6 15.
Be2 Nh4 16. Nxh4 Qxh4 17. Bxg4 Bxg4 18. Qd2 Bf3 19. Ne2 Re6 20. Ng3 Rh6 21. h3
Be4 22. Nxe4 Qxe4 23. f3 Qe7 24. Rbe1 Re6 25. a5 Re8 26. Kf2 f5 27. g3 Qg5 28.
h4 Qh5 29. Rh1 Rh6 30. Kg2 Rhe6 1/2-1/2

[Event "Tage Sorensen Memorial 2001"]
[Site "Holbaek"]
[Date "2001.07.01"]
[Round "9"]
[White "Nielsen, Max"]
[Black "Kiss, Gergely"]
[Result "0-1"]
[WhiteElo "2251"]
[BlackElo "2270"]
[PlyCount "54"]
[EventDate "2001.06.23"]

1. e4 e5 2. Nf3 Nc6 3. Bb5 a6 4. Ba4 Nf6 5. d3 Bc5 6. c3 b5 7. Bb3 d5 8. Qe2
dxe4 9. dxe4 h6 10. h3 Qe7 11. Nbd2 Rb8 12. Nf1 Nh5 13. g3 O-O 14. Nh4 Nf4 15.
Bxf4 exf4 16. Ng6 Qf6 17. Nxf8 b4 18. Rc1 bxc3 19. bxc3 Ne5 20. g4 a5 21. Nh2
Ba6 22. Nd7 Nxd7 23. Bc4 f3 24. Qf1 Qf4 25. Kd1 Rb2 26. Qd3 Bxc4 27. Qxd7 Be2+
0-1

[Event "Tage Sorensen Memorial 2001"]
[Site "Holbaek"]
[Date "2001.07.01"]
[Round "9"]
[White "Carstensen, Jacob"]
[Black "Brekka, Martin"]
[Result "1/2-1/2"]
[WhiteElo "2260"]
[BlackElo "2102"]
[PlyCount "57"]
[EventDate "2001.06.23"]

1. d4 d5 2. c4 e6 3. Nc3 Nf6 4. cxd5 exd5 5. Bg5 Be7 6. e3 c6 7. Bd3 Nbd7 8.
Qc2 O-O 9. Nf3 Re8 10. h3 Nf8 11. O-O-O b5 12. g4 Bb7 13. Bxf6 Bxf6 14. h4 a5
15. g5 Be7 16. Rdg1 b4 17. Na4 c5 18. dxc5 d4 19. Nxd4 Bxh1 20. Rxh1 Rc8 21.
Kb1 Bxc5 22. Nxc5 Qd5 23. Rc1 Nd7 24. Bc4 Qxc5 25. Bxf7+ Kxf7 26. Qb3+ Kg6 27.
h5+ Kxh5 28. Qf7+ g6 29. Rh1+ 1/2-1/2

[Event "Tage Sorensen Memorial 2001"]
[Site "Holbaek"]
[Date "2001.07.01"]
[Round "9"]
[White "Eriksson, Johan"]
[Black "Skytte, Rasmus"]
[Result "1/2-1/2"]
[WhiteElo "2408"]
[BlackElo "2343"]
[PlyCount "76"]
[EventDate "2001.06.23"]

1. d4 e6 2. c4 Bb4+ 3. Bd2 Qe7 4. Nf3 Nf6 5. g3 O-O 6. Bg2 Bxd2+ 7. Nbxd2 d6 8.
e4 e5 9. d5 a5 10. O-O Na6 11. Ne1 Nc5 12. Qc2 Re8 13. b3 Rb8 14. a3 c6 15. b4
Na6 16. b5 Nc5 17. Nd3 Nxd3 18. Qxd3 cxb5 19. cxb5 Nd7 20. b6 Nc5 21. Qe3 a4
22. Rab1 Bd7 23. Rfc1 Rec8 24. Rc3 Na6 25. Bf1 Rxc3 26. Qxc3 Rc8 27. Qe3 Nc5
28. Bb5 Bxb5 29. Rxb5 Qd7 30. Rb4 f6 31. Qe2 Kf8 32. Kg2 g6 33. h3 Ke7 34. Qe3
Kf7 35. Kh2 Kg7 36. Kg2 Kf7 37. Kh2 Kg7 38. Kg2 Kf7 1/2-1/2

[Event "Tage Sorensen Memorial 2001"]
[Site "Holbaek"]
[Date "2001.07.01"]
[Round "9"]
[White "Visweswaran, Kameswaran"]
[Black "Pedersen, Henrik Dahl"]
[Result "1-0"]
[WhiteElo "2301"]
[BlackElo "2237"]
[PlyCount "73"]
[EventDate "2001.06.23"]

1. e4 e6 2. d4 d5 3. Nc3 Nf6 4. e5 Nfd7 5. f4 c5 6. Nf3 Nc6 7. Be3 cxd4 8. Nxd4
Bc5 9. Qd2 Nxd4 10. Bxd4 Bxd4 11. Qxd4 f6 12. Bb5 O-O 13. Bxd7 Bxd7 14. O-O-O
fxe5 15. Qxe5 Rc8 16. g3 Qa5 17. Kb1 Rc6 18. Rd3 Ra6 19. a3 Be8 20. Rd4 Qc5 21.
Re1 b5 22. g4 Rc6 23. f5 a5 24. fxe6 b4 25. e7 Rf2 26. Rxd5 Qc4 27. Rd8 Kf7 28.
Qh5+ Rg6 29. axb4 axb4 30. Qb5 Rc6 31. Qxc4+ Rxc4 32. Ne4 Rcxc2 33. Rxe8 Rxb2+
34. Kc1 Rfc2+ 35. Kd1 Rxh2 36. Nd6+ Kg6 37. Rc8 1-0

[Event "Tage Sorensen Memorial 2001"]
[Site "Holbaek"]
[Date "2001.07.01"]
[Round "9"]
[White "Sivertsen, Palle"]
[Black "Larsen, Peder Lehmann"]
[Result "1/2-1/2"]
[WhiteElo "2168"]
[BlackElo "2055"]
[PlyCount "83"]
[EventDate "2001.06.23"]

1. e4 c5 2. Nc3 Nc6 3. f4 e6 4. Nf3 d6 5. d4 cxd4 6. Nxd4 Nf6 7. Nxc6 bxc6 8.
Bd3 Be7 9. Qf3 Qc7 10. O-O a5 11. Kh1 Ba6 12. e5 Bxd3 13. cxd3 Nd5 14. Qg3 g6
15. Ne4 h5 16. b3 h4 17. Qf3 Rh5 18. d4 f5 19. exd6 Bxd6 20. Ng5 Rxg5 21. fxg5
Bxh2 22. Bd2 Bg3 23. Rac1 Kd7 24. Rc5 Rh8 25. Rfc1 Ne7 26. Bxa5 Qd6 27. R5c4 h3
28. Bb4 hxg2+ 29. Kxg2 Rh2+ 30. Kg1 Qb8 31. Bxe7 Kxe7 32. Qxc6 Rxa2 33. Ra4
Bh2+ 34. Kh1 Rxa4 35. bxa4 Bf4 36. Qc5+ Kf7 37. Rc2 Qh8+ 38. Kg1 Be3+ 39. Kg2
Bxg5 40. Qa7+ Kf6 41. d5 Bf4 42. Qf2 1/2-1/2